Franchinse chọn hay không?

Về hệ thống nhượng quyền Franchise

Đã lưu trong:
Sonraí Bibleagrafaíochta
Príomhúdar: Nguyễn, Khánh Trung
Formáid: Leabhar
Teanga:Undetermined
Foilsithe: Thành phố Hồ Chí Minh Nxb. Đại học Quốc gia Thành phố Hồ Chí Minh 2014
Ábhair:
Clibeanna: Cuir Clib Leis
Gan Chlibeanna, Bí ar an gcéad duine leis an taifead seo a chlibeáil!
Thư viện lưu trữ: Trung tâm Học liệu Trường Đại học Cần Thơ
LEADER 00726nam a2200217Ia 4500
001 CTU_135194
008 210402s9999 xx 000 0 und d
020 |c 55000 
082 |a 381 
082 |b Tr513 
100 |a Nguyễn, Khánh Trung 
245 0 |a Franchinse chọn hay không? 
245 0 |c Nguyễn Khánh Trung 
260 |a Thành phố Hồ Chí Minh 
260 |b Nxb. Đại học Quốc gia Thành phố Hồ Chí Minh 
260 |c 2014 
520 |a Về hệ thống nhượng quyền Franchise 
650 |a Trung tâm Học liệu ĐH Cần Thơ,Franchise 
650 |x Franchise 
904 |i Nguyên 
980 |a Trung tâm Học liệu Trường Đại học Cần Thơ